[Event "IMP Mezczyzn do lat 20"]
[Site "Chotowa"]
[Date "2023.10.31"]
[Round "6.4"]
[White "Czernek, Tymon"]
[Black "Dziewonski, Dariusz"]
[Result "1-0"]
[BlackElo "2218"]
[WhiteElo "2329"]
[LiveChessVersion "1.4.8"]

1. e4 {[%clk 1:30:57]} e5 {[%clk 1:28:31]} 2. Nf3 {[%clk 1:30:22]} Nc6
{[%clk 1:28:57]} 3. Bc4 {[%clk 1:30:45]} Bc5 {[%clk 1:29:22]} 4. O-O
{[%clk 1:30:58]} Nf6 {[%clk 1:29:28]} 5. d3 {[%clk 1:31:23]} d6 {[%clk 1:29:11]}
6. c3 {[%clk 1:31:46]} a6 {[%clk 1:29:12]} 7. a4 {[%clk 1:31:59]} Ba7
{[%clk 1:28:52]} 8. Re1 {[%clk 1:32:15]} h6 {[%clk 1:27:30]} 9. b4
{[%clk 1:29:28]} O-O {[%clk 1:25:40]} 10. h3 {[%clk 1:29:37]} Ne7
{[%clk 1:20:56]} 11. Nbd2 {[%clk 1:27:20]} Ng6 {[%clk 1:17:11]} 12. Nf1
{[%clk 1:25:34]} Re8 {[%clk 1:13:16]} 13. Ng3 {[%clk 1:22:07]} b5
{[%clk 1:05:56]} 14. Bb3 {[%clk 1:21:23]} Be6 {[%clk 1:03:44]} 15. Bxe6
{[%clk 1:19:43]} Rxe6 {[%clk 1:04:06]} 16. d4 {[%clk 1:18:03]} d5
{[%clk 0:45:19]} 17. Nxe5 {[%clk 1:14:18]} Nxe5 {[%clk 0:36:35]} 18. dxe5
{[%clk 1:14:14]} Rxe5 {[%clk 0:35:20]} 19. Bf4 {[%clk 1:13:59]} Re8
{[%clk 0:27:27]} 20. e5 {[%clk 1:13:14]} Ne4 {[%clk 0:26:13]} 21. Nxe4
{[%clk 1:12:46]} dxe4 {[%clk 0:26:31]} 22. Qg4 {[%clk 1:12:41]} Qc8
{[%clk 0:24:07]} 23. Qxc8 {[%clk 1:11:25]} Rexc8 {[%clk 0:24:26]} 24. Rxe4
{[%clk 1:09:19]} g5 {[%clk 0:21:56]} 25. Bg3 {[%clk 1:07:33]} Re8
{[%clk 0:18:10]} 26. Ree1 {[%clk 1:06:34]} Bb6 {[%clk 0:17:22]} 27. a5
{[%clk 0:57:30]} Ba7 {[%clk 0:17:45]} 28. Rad1 {[%clk 0:57:49]} Re7
{[%clk 0:11:25]} 29. Kh2 {[%clk 0:56:45]} Rae8 {[%clk 0:11:03]} 30. f4
{[%clk 0:55:33]} Bb8 {[%clk 0:10:22]} 31. fxg5 hxg5 {[%clk 0:10:36]} 32. e6
{[%clk 0:53:52]} Rxe6 {[%clk 0:08:55]} 33. Rxe6 {[%clk 0:54:10]} fxe6
{[%clk 0:09:21]} 34. Be5 {[%clk 0:53:56]} c5 {[%clk 0:05:49]} 35. Bxb8
{[%clk 0:53:29]} Rxb8 {[%clk 0:06:17]} 36. Rd6 {[%clk 0:53:38]} cxb4
{[%clk 0:06:41]} 37. cxb4 {[%clk 0:54:02]} Ra8 {[%clk 0:06:21]} 38. Rxe6
{[%clk 0:54:16]} Kf7 {[%clk 0:06:32]} 39. Rc6 {[%clk 0:54:42]} Rd8
{[%clk 0:00:40]} 40. Rxa6 {[%clk 1:22:22]} Rd4 {[%clk 0:31:04]} 41. Rb6
{[%clk 1:22:11]} Rxb4 {[%clk 0:29:16]} 42. Kg3 {[%clk 1:22:33]} Rb2
{[%clk 0:24:23]} 43. a6 {[%clk 1:18:01]} b4 {[%clk 0:23:19]} 44. Rb5
{[%clk 1:17:48]} Ra2 {[%clk 0:23:40]} 45. Rxg5 {[%clk 1:17:45]} Rxa6
{[%clk 0:24:03]} 46. Rb5 {[%clk 1:18:11]} Ra3+ {[%clk 0:23:49]} 47. Kh4
{[%clk 1:17:55]} Rb3 {[%clk 0:24:15]} 48. g4 {[%clk 1:17:35]} Rb1
{[%clk 0:05:33]} 49. Kg5 {[%clk 1:17:59]} b3 {[%clk 0:05:35]} 50. h4
{[%clk 1:18:24]} b2 {[%clk 0:06:02]} 51. h5 {[%clk 1:18:21]} Ke7 {[%clk 0:02:46]}
52. h6 {[%clk 1:18:03]} Kf7 {[%clk 0:03:13]} 53. Rb7+ {[%clk 1:18:27]} Kf8
{[%clk 0:03:39]} 54. h7 {[%clk 1:17:59]} Rh1 {[%clk 0:04:05]} 55. Kg6
{[%clk 1:18:27]} 1-0

[Event "IMP Mezczyzn do lat 20"]
[Site "Chotowa"]
[Date "2023.10.31"]
[Round "6.5"]
[White "Janeczko, Jakub"]
[Black "Rog, Bartlomiej"]
[Result "1-0"]
[BlackElo "2168"]
[WhiteElo "2280"]
[LiveChessVersion "1.4.8"]

1. e4 {[%clk 1:30:55]} e6 {[%clk 1:30:53]} 2. d4 {[%clk 1:31:02]} d5
{[%clk 1:31:15]} 3. Nc3 {[%clk 1:30:44]} Be7 {[%clk 1:31:39]} 4. Bd3
{[%clk 1:25:52]} Nc6 {[%clk 1:31:56]} 5. Nf3 {[%clk 1:25:47]} Nb4
{[%clk 1:32:17]} 6. Be2 {[%clk 1:18:07]} Nf6 {[%clk 1:32:38]} 7. e5
{[%clk 1:18:17]} Ne4 {[%clk 1:33:01]} 8. a3 {[%clk 1:16:48]} Nxc3
{[%clk 1:33:18]} 9. bxc3 {[%clk 1:17:16]} Nc6 {[%clk 1:33:40]} 10. h4
{[%clk 1:12:39]} h6 {[%clk 1:33:12]} 11. h5 {[%clk 1:09:44]} Na5 {[%clk 1:33:29]}
12. Rh3 {[%clk 1:05:04]} c5 13. Rg3 {[%clk 1:02:25]} Bf8 {[%clk 1:34:10]} 14. Qd3
{[%clk 0:56:55]} c4 {[%clk 1:31:34]} 15. Qe3 {[%clk 0:56:36]} Bd7
{[%clk 1:31:08]} 16. a4 {[%clk 0:56:38]} Bc6 {[%clk 1:27:28]} 17. Ba3
{[%clk 0:54:27]} Bxa3 {[%clk 1:25:12]} 18. Rxa3 {[%clk 0:54:55]} Rg8
{[%clk 1:23:30]} 19. Qxh6 {[%clk 0:52:48]} Qb6 {[%clk 1:20:12]} 20. Qc1
{[%clk 0:50:45]} O-O-O {[%clk 1:20:27]} 21. Ra1 {[%clk 0:49:41]} Qc7
{[%clk 1:19:10]} 22. Qa3 {[%clk 0:43:53]} Kb8 {[%clk 1:11:44]} 23. Kd2
{[%clk 0:41:38]} Bd7 {[%clk 1:10:13]} 24. Ng5 {[%clk 0:38:28]} f6
{[%clk 1:07:58]} 25. Nf7 {[%clk 0:36:06]} Rde8 {[%clk 1:06:01]} 26. f4
{[%clk 0:31:19]} Bc8 {[%clk 1:03:14]} 27. Qd6 {[%clk 0:30:13]} Ref8
{[%clk 1:02:45]} 28. Qxc7+ {[%clk 0:27:39]} Kxc7 {[%clk 1:03:08]} 29. Nd6
{[%clk 0:27:32]} Nc6 {[%clk 1:01:57]} 30. Ke3 {[%clk 0:25:19]} Ne7
{[%clk 1:02:05]} 31. Rh1 {[%clk 0:21:08]} Bd7 {[%clk 1:02:11]} 32. a5
{[%clk 0:21:16]} Nc6 {[%clk 1:01:05]} 33. Rh4 {[%clk 0:20:08]} f5
{[%clk 1:01:03]} 34. Rg5 {[%clk 0:20:24]} Nxa5 {[%clk 1:01:03]} 35. Rh3
{[%clk 0:20:22]} Nc6 {[%clk 0:57:11]} 36. Rhg3 {[%clk 0:20:43]} Nd8
{[%clk 0:56:03]} 37. Rxg7 {[%clk 0:21:09]} Rxg7 {[%clk 0:56:25]} 38. Rxg7
{[%clk 0:21:19]} Kc6 {[%clk 0:56:38]} 39. h6 {[%clk 0:21:01]} 1-0

[Event "IMP Mezczyzn do lat 20"]
[Site "Chotowa"]
[Date "2023.10.31"]
[Round "6.6"]
[White "Niedbala, Bartlomiej"]
[Black "Pancewicz, Szymon"]
[Result "1-0"]
[BlackElo "1853"]
[WhiteElo "2400"]
[LiveChessVersion "1.4.8"]

1. Nf3 {[%clk 1:30:50]} Nf6 {[%clk 1:30:13]} 2. g3 {[%clk 1:30:30]} e6
{[%clk 1:28:31]} 3. Bg2 {[%clk 1:29:13]} b6 {[%clk 1:27:29]} 4. Ne5
{[%clk 1:23:25]} d5 {[%clk 1:24:40]} 5. c4 {[%clk 1:17:37]} Bb7 {[%clk 1:22:11]}
6. Qa4+ {[%clk 1:15:08]} c6 {[%clk 1:19:30]} 7. d4 {[%clk 1:09:24]} Be7
{[%clk 1:14:59]} 8. cxd5 {[%clk 1:08:28]} exd5 {[%clk 1:14:32]} 9. Nc3
{[%clk 1:08:12]} O-O {[%clk 1:13:34]} 10. O-O {[%clk 1:08:32]} Nfd7
{[%clk 1:03:12]} 11. Nf3 {[%clk 1:04:07]} c5 {[%clk 0:56:44]} 12. Bf4
{[%clk 1:03:10]} c4 {[%clk 0:53:36]} 13. Rfe1 {[%clk 1:00:44]} a6
{[%clk 0:49:55]} 14. e4 {[%clk 0:55:27]} b5 {[%clk 0:48:03]} 15. Qc2
{[%clk 0:55:48]} dxe4 {[%clk 0:44:27]} 16. Nxe4 {[%clk 0:55:55]} Nc6
{[%clk 0:42:58]} 17. a3 {[%clk 0:51:17]} Nf6 {[%clk 0:41:13]} 18. Rad1
{[%clk 0:43:14]} Nxe4 {[%clk 0:35:00]} 19. Qxe4 {[%clk 0:43:03]} Bd6
{[%clk 0:33:43]} 20. Ng5 {[%clk 0:33:12]} g6 {[%clk 0:33:20]} 21. Ne6
{[%clk 0:27:26]} fxe6 {[%clk 0:25:07]} 22. Qxe6+ {[%clk 0:27:53]} Kh8
{[%clk 0:24:39]} 23. Qxd6 {[%clk 0:27:58]} Qxd6 {[%clk 0:23:34]} 24. Bxd6
{[%clk 0:27:51]} Rfe8 {[%clk 0:21:25]} 25. d5 {[%clk 0:27:24]} Na5
{[%clk 0:20:55]} 26. Bc7 {[%clk 0:27:39]} Nb3 {[%clk 0:20:31]} 27. d6
{[%clk 0:26:21]} Rxe1+ {[%clk 0:18:55]} 28. Rxe1 {[%clk 0:26:49]} Bxg2
{[%clk 0:19:12]} 29. Kxg2 {[%clk 0:26:56]} Nc5 {[%clk 0:19:15]} 30. Re7
{[%clk 0:27:19]} 1-0

[Event "IMP Mezczyzn do lat 20"]
[Site "Chotowa"]
[Date "2023.10.31"]
[Round "6.7"]
[White "Pniaczek, Marek"]
[Black "Meers, Hubert"]
[Result "0-1"]
[BlackElo "2256"]
[WhiteElo "2143"]
[LiveChessVersion "1.4.8"]

1. e4 {[%clk 1:30:57]} c6 {[%clk 1:30:38]} 2. Nf3 d5 {[%clk 1:30:46]} 3. Nc3
{[%clk 1:31:48]} Nf6 {[%clk 1:31:00]} 4. e5 {[%clk 1:31:14]} Ne4 {[%clk 1:31:25]}
5. Ne2 {[%clk 1:31:36]} Qb6 {[%clk 1:31:53]} 6. d4 {[%clk 1:31:52]} e6
{[%clk 1:32:14]} 7. Ng3 {[%clk 1:31:08]} c5 {[%clk 1:32:39]} 8. Bd3
{[%clk 1:29:27]} Nxg3 {[%clk 1:32:53]} 9. fxg3 {[%clk 1:29:52]} Nc6 10. O-O
{[%clk 1:27:56]} cxd4 {[%clk 1:33:35]} 11. Qe2 {[%clk 1:21:27]} h6
{[%clk 1:34:02]} 12. a3 {[%clk 1:13:30]} Bd7 {[%clk 1:29:06]} 13. g4
{[%clk 1:07:35]} O-O-O {[%clk 1:28:40]} 14. b4 {[%clk 0:50:38]} f6
{[%clk 1:17:15]} 15. Bb2 {[%clk 0:49:25]} Be7 16. Kh1 {[%clk 0:33:17]} a6
{[%clk 1:01:29]} 17. c4 {[%clk 0:22:34]} dxc4 {[%clk 0:57:50]} 18. Bxc4
{[%clk 0:22:55]} fxe5 {[%clk 0:58:15]} 19. Nxe5 {[%clk 0:23:10]} Nxe5 20. Qxe5
{[%clk 0:23:06]} Bf6 {[%clk 0:58:58]} 21. Rxf6 {[%clk 0:14:39]} gxf6 22. Qxf6
{[%clk 0:14:38]} Bb5 {[%clk 0:52:33]} 23. Bxe6+ {[%clk 0:13:01]} Kb8
{[%clk 0:50:04]} 24. Rd1 Rhe8 25. Qf4+ {[%clk 0:12:10]} Qd6 {[%clk 0:50:10]} 26.
Qxd6+ {[%clk 0:12:32]} Rxd6 {[%clk 0:50:38]} 27. Bf5 {[%clk 0:12:43]} Ba4
{[%clk 0:51:00]} 0-1

[Event "IMP Mezczyzn do lat 20"]
[Site "Chotowa"]
[Date "2023.10.31"]
[Round "6.8"]
[White "Zielonka, Adam"]
[Black "Kacprzak, Kacper"]
[Result "0-1"]
[BlackElo "2250"]
[WhiteElo "2059"]
[LiveChessVersion "1.4.8"]

1. e4 {[%clk 1:30:59]} c6 {[%clk 1:30:55]} 2. Nf3 {[%clk 1:31:17]} d5
{[%clk 1:31:22]} 3. Nc3 {[%clk 1:31:41]} Bg4 {[%clk 1:31:46]} 4. Be2
{[%clk 1:32:07]} e6 {[%clk 1:32:03]} 5. d4 {[%clk 1:32:31]} Bb4 {[%clk 1:31:25]}
6. h3 {[%clk 1:24:35]} Bh5 {[%clk 1:24:29]} 7. e5 {[%clk 1:23:06]} c5
{[%clk 1:21:12]} 8. a3 {[%clk 1:17:46]} Bxc3+ {[%clk 1:18:12]} 9. bxc3
{[%clk 1:18:02]} Ne7 {[%clk 1:15:52]} 10. O-O {[%clk 1:14:13]} Nbc6
{[%clk 1:13:51]} 11. g4 {[%clk 1:04:30]} Bg6 {[%clk 1:14:15]} 12. Be3
{[%clk 1:04:22]} Qa5 {[%clk 1:00:42]} 13. Ra2 {[%clk 1:00:39]} Be4
{[%clk 0:55:36]} 14. Qa1 {[%clk 0:47:19]} O-O {[%clk 0:38:28]} 15. Nd2
{[%clk 0:41:34]} cxd4 {[%clk 0:32:27]} 16. cxd4 {[%clk 0:41:46]} Bg6
{[%clk 0:32:50]} 17. f4 {[%clk 0:35:31]} Rac8 {[%clk 0:28:02]} 18. c4
{[%clk 0:31:40]} Rcd8 {[%clk 0:24:25]} 19. c5 {[%clk 0:26:23]} Qc7
{[%clk 0:19:55]} 20. Qc3 {[%clk 0:22:42]} b6 {[%clk 0:19:05]} 21. Nb3
{[%clk 0:21:24]} Be4 {[%clk 0:18:35]} 22. Rc1 {[%clk 0:19:22]} Rc8
{[%clk 0:14:27]} 23. Rb2 {[%clk 0:17:15]} Qd8 {[%clk 0:14:30]} 24. Qd2
{[%clk 0:13:54]} Ng6 {[%clk 0:13:02]} 25. cxb6 {[%clk 0:07:53]} axb6
{[%clk 0:13:28]} 26. Ba6 {[%clk 0:07:44]} Rc7 {[%clk 0:13:49]} 27. Bd3
{[%clk 0:07:28]} Nce7 {[%clk 0:09:52]} 28. Rxc7 {[%clk 0:04:07]} Qxc7
{[%clk 0:10:21]} 29. Be2 {[%clk 0:03:38]} f6 {[%clk 0:07:08]} 30. Ra2
{[%clk 0:02:38]} Nc6 {[%clk 0:06:28]} 31. Bd1 {[%clk 0:01:12]} fxe5
{[%clk 0:06:28]} 32. fxe5 {[%clk 0:01:29]} Qf7 {[%clk 0:06:11]} 33. Be2
{[%clk 0:01:32]} Nh4 {[%clk 0:06:20]} 34. Qe1 {[%clk 0:01:32]} Qe7
{[%clk 0:04:25]} 35. Nd2 {[%clk 0:01:30]} Ng2 {[%clk 0:03:55]} 36. Qg3
{[%clk 0:01:54]} Nxe3 {[%clk 0:04:21]} 37. Qxe3 {[%clk 0:02:23]} Bg6
{[%clk 0:03:17]} 38. Bb5 {[%clk 0:01:07]} Na7 {[%clk 0:01:54]} 39. Be2
{[%clk 0:01:17]} Qh4 {[%clk 0:01:57]} 40. Bf1 {[%clk 0:30:54]} Nc6
{[%clk 0:31:51]} 41. Ra1 {[%clk 0:20:36]} Qh6 {[%clk 0:26:49]} 42. Qxh6
{[%clk 0:18:25]} gxh6 {[%clk 0:27:05]} 43. Nb3 {[%clk 0:18:50]} Rf3
{[%clk 0:24:42]} 44. Rc1 {[%clk 0:19:02]} Ne7 {[%clk 0:24:54]} 45. Rc7
{[%clk 0:16:54]} Kf8 {[%clk 0:25:15]} 46. Nc1 {[%clk 0:16:43]} Rxa3
{[%clk 0:25:34]} 47. Ne2 {[%clk 0:16:37]} Bf7 {[%clk 0:17:40]} 48. Rb7
{[%clk 0:13:57]} Rb3 {[%clk 0:17:41]} 49. Nf4 {[%clk 0:13:54]} Nc6
{[%clk 0:16:15]} 50. Bd3 {[%clk 0:13:37]} Nxd4 {[%clk 0:15:54]} 51. Bxh7
{[%clk 0:14:01]} Nf3+ {[%clk 0:16:11]} 0-1

[Event "IMP Mezczyzn do lat 20"]
[Site "Chotowa"]
[Date "2023.10.31"]
[Round "6.9"]
[White "Stachowicz, Hubert"]
[Black "Stepinski, Piotr"]
[Result "1/2-1/2"]
[BlackElo "1991"]
[WhiteElo "1583"]
[LiveChessVersion "1.4.8"]

1. d4 {[%clk 1:30:59]} Nf6 {[%clk 1:30:57]} 2. c4 {[%clk 1:31:20]} e6
{[%clk 1:31:23]} 3. Nc3 {[%clk 1:31:44]} Bb4 {[%clk 1:31:49]} 4. Qc2
{[%clk 1:31:32]} c5 {[%clk 1:32:15]} 5. a3 {[%clk 1:30:01]} Qa5 {[%clk 1:31:28]}
6. e3 {[%clk 1:25:53]} Bxc3+ {[%clk 1:23:39]} 7. Qxc3 {[%clk 1:26:16]} Qxc3+
{[%clk 1:23:54]} 8. bxc3 {[%clk 1:26:41]} Nc6 {[%clk 1:23:29]} 9. Nf3
{[%clk 1:06:32]} d6 {[%clk 1:21:10]} 10. Nd2 {[%clk 1:06:15]} Na5
{[%clk 1:20:28]} 11. Rb1 {[%clk 0:57:05]} b6 {[%clk 1:20:37]} 12. Nb3
{[%clk 0:54:51]} Nxb3 {[%clk 1:18:35]} 13. Rxb3 {[%clk 0:55:19]} Bd7
{[%clk 1:18:50]} 14. f3 {[%clk 0:48:32]} Ba4 {[%clk 1:13:03]} 15. Rb2
{[%clk 0:48:22]} Ng8 {[%clk 1:13:26]} 16. Bd3 {[%clk 0:45:34]} Ne7
{[%clk 1:13:19]} 17. O-O {[%clk 0:43:11]} Rc8 {[%clk 1:13:39]} 18. e4
{[%clk 0:38:55]} Nc6 {[%clk 1:14:02]} 19. e5 {[%clk 0:32:43]} Na5
{[%clk 1:11:33]} 20. exd6 {[%clk 0:29:26]} Bb3 {[%clk 1:11:18]} 21. dxc5
{[%clk 0:20:48]} Bxc4 {[%clk 1:10:48]} 22. cxb6 {[%clk 0:15:44]} Bxd3
{[%clk 1:00:49]} 23. d7+ {[%clk 0:16:09]} Kxd7 {[%clk 1:00:56]} 24. Rd1
{[%clk 0:16:31]} axb6 {[%clk 0:50:13]} 25. Rxd3+ {[%clk 0:16:52]} Kc6
{[%clk 0:50:38]} 26. Rb4 {[%clk 0:11:31]} Rhd8 {[%clk 0:50:36]} 27. Rbd4
{[%clk 0:11:41]} Rxd4 {[%clk 0:50:59]} 28. Rxd4 {[%clk 0:11:05]} Nb3
{[%clk 0:46:12]} 29. Rc4+ {[%clk 0:10:03]} Kb7 {[%clk 0:45:46]} 30. Rxc8
{[%clk 0:10:03]} Kxc8 {[%clk 0:46:04]} 31. Be3 {[%clk 0:07:42]} Kc7
{[%clk 0:46:29]} 32. Kf1 {[%clk 0:08:02]} Na5 {[%clk 0:46:48]} 33. Ke2
{[%clk 0:07:50]} Nc4 {[%clk 0:47:02]} 34. Bc1 {[%clk 0:08:06]} Kc6
{[%clk 0:45:59]} 35. Kd3 {[%clk 0:08:19]} Kd5 {[%clk 0:46:24]} 36. Kc2
{[%clk 0:07:39]} b5 {[%clk 0:45:31]} 37. Kb3 {[%clk 0:04:44]} Kc5
{[%clk 0:45:54]} 38. a4 {[%clk 0:03:46]} bxa4+ {[%clk 0:46:19]} 39. Kxa4
{[%clk 0:04:11]} e5 {[%clk 0:46:41]} 40. Kb3 {[%clk 0:34:15]} f5 {[%clk 1:16:57]}
41. Kc2 {[%clk 0:33:36]} e4 {[%clk 1:17:06]} 42. fxe4 {[%clk 0:33:38]} fxe4
{[%clk 1:17:30]} 43. Kd1 {[%clk 0:33:10]} Kb5 {[%clk 1:15:45]} 44. Ke2
{[%clk 0:29:41]} Ka4 {[%clk 1:15:24]} 45. Be3 {[%clk 0:29:34]} Kb5
{[%clk 1:14:47]} 46. Bd4 {[%clk 0:29:10]} g6 {[%clk 1:15:12]} 47. Kf2
{[%clk 0:24:51]} Kc6 {[%clk 1:15:18]} 48. Kg3 {[%clk 0:24:19]} Kd5
{[%clk 1:15:29]} 49. h4 {[%clk 0:24:06]} Nd6 {[%clk 1:15:42]} 50. Kg4
{[%clk 0:19:10]} Nf5 {[%clk 1:09:07]} 51. Bf2 {[%clk 0:15:37]} e3
{[%clk 0:46:10]} 1/2-1/2

[Event "IMP Mezczyzn do lat 20"]
[Site "Chotowa"]
[Date "2023.10.31"]
[Round "6.10"]
[White "Karut, Kacper"]
[Black "Redzisz, Michal"]
[Result "1/2-1/2"]
[BlackElo "2228"]
[WhiteElo "2093"]
[LiveChessVersion "1.4.8"]

1. e4 {[%clk 1:30:54]} c6 {[%clk 1:30:37]} 2. d4 {[%clk 1:31:15]} d5
{[%clk 1:31:03]} 3. e5 {[%clk 1:31:40]} Bf5 {[%clk 1:31:28]} 4. Bd3
{[%clk 1:31:53]} Bxd3 {[%clk 1:31:52]} 5. Qxd3 {[%clk 1:32:19]} e6
{[%clk 1:31:23]} 6. Nf3 {[%clk 1:32:31]} Qa5+ {[%clk 1:31:37]} 7. c3
{[%clk 1:31:40]} Qa6 {[%clk 1:32:02]} 8. Qxa6 {[%clk 1:29:57]} Nxa6
{[%clk 1:32:17]} 9. O-O {[%clk 1:28:26]} c5 {[%clk 1:17:19]} 10. Be3
{[%clk 1:21:36]} Rc8 {[%clk 1:16:19]} 11. Nbd2 {[%clk 1:20:16]} cxd4
{[%clk 0:46:04]} 12. Nxd4 {[%clk 1:18:55]} Nc7 {[%clk 0:42:47]} 13. N2b3
{[%clk 1:16:30]} Ne7 {[%clk 0:21:48]} 14. f4 {[%clk 1:09:22]} g6 {[%clk 0:21:43]}
15. a4 {[%clk 1:07:33]} Nf5 {[%clk 0:21:33]} 16. Nxf5 {[%clk 1:04:47]} gxf5
{[%clk 0:22:00]} 17. Bxa7 {[%clk 1:03:45]} Na6 {[%clk 0:22:29]} 18. Bd4
{[%clk 1:01:40]} Nc5 {[%clk 0:17:24]} 19. Nxc5 {[%clk 0:55:43]} Bxc5
{[%clk 0:17:51]} 20. Rfd1 {[%clk 0:54:00]} Ke7 {[%clk 0:15:36]} 21. a5
{[%clk 0:52:13]} Rc6 {[%clk 0:14:44]} 22. Ra4 {[%clk 0:40:57]} Ra8
{[%clk 0:14:49]} 23. Rda1 {[%clk 0:32:35]} Kd7 {[%clk 0:07:10]} 24. Kf2
{[%clk 0:30:43]} Bxd4+ {[%clk 0:04:53]} 25. Rxd4 {[%clk 0:30:18]} Rca6
{[%clk 0:04:27]} 26. b4 {[%clk 0:28:59]} Rc6 {[%clk 0:02:46]} 27. Rc1
{[%clk 0:25:16]} Rac8 {[%clk 0:03:00]} 28. c4 {[%clk 0:22:19]} b6
{[%clk 0:01:53]} 29. axb6 {[%clk 0:21:20]} Rxb6 {[%clk 0:01:56]} 30. c5
{[%clk 0:21:31]} Rb5 {[%clk 0:01:18]} 31. Ra1 {[%clk 0:21:20]} Rcb8
{[%clk 0:01:34]} 32. Ke3 {[%clk 0:20:26]} Rxb4 {[%clk 0:01:49]} 1/2-1/2

[Event "IMP Mezczyzn do lat 20"]
[Site "Chotowa"]
[Date "2023.10.31"]
[Round "6.11"]
[White "Ugorek, Kacper"]
[Black "Suska, Szymon"]
[Result "1/2-1/2"]
[BlackElo "2040"]
[WhiteElo "1999"]
[LiveChessVersion "1.4.8"]

1. Nf3 {[%clk 1:30:48]} c5 {[%clk 1:30:44]} 2. g3 {[%clk 1:31:11]} g6
{[%clk 1:31:09]} 3. Bg2 {[%clk 1:31:26]} Bg7 {[%clk 1:31:33]} 4. O-O
{[%clk 1:29:54]} Nc6 {[%clk 1:31:58]} 5. c4 {[%clk 1:29:34]} d6 {[%clk 1:31:16]}
6. Nc3 {[%clk 1:29:31]} e5 {[%clk 1:30:48]} 7. Ne1 {[%clk 1:27:15]} Be6
{[%clk 1:30:48]} 8. Nd5 {[%clk 1:27:30]} Nge7 {[%clk 1:30:03]} 9. Nc2
{[%clk 1:27:49]} O-O {[%clk 1:29:58]} 10. Nce3 {[%clk 1:26:10]} Qd7
{[%clk 1:28:44]} 11. d3 {[%clk 1:21:38]} f5 {[%clk 1:24:49]} 12. Nxe7+
{[%clk 1:06:08]} Nxe7 {[%clk 1:25:06]} 13. Nd5 {[%clk 1:03:03]} Nxd5
{[%clk 1:24:16]} 14. cxd5 {[%clk 1:02:22]} Bf7 {[%clk 1:24:40]} 15. e4
{[%clk 1:02:31]} f4 {[%clk 1:18:05]} 16. Bd2 {[%clk 0:56:51]} g5 {[%clk 1:14:28]}
17. Bf3 {[%clk 0:55:20]} Qe8 {[%clk 1:11:05]} 18. a4 {[%clk 0:49:39]} h5
{[%clk 1:04:08]} 19. g4 {[%clk 0:50:01]} h4 {[%clk 1:02:18]} 20. b4
{[%clk 0:49:14]} b6 {[%clk 1:00:42]} 21. Be2 {[%clk 0:48:25]} Qd7
{[%clk 0:59:21]} 22. f3 {[%clk 0:48:44]} Bf6 {[%clk 0:58:24]} 23. Qb1
{[%clk 0:41:32]} Rfb8 {[%clk 0:56:49]} 24. Qb2 {[%clk 0:40:14]} Bd8
{[%clk 0:53:39]} 25. Rfb1 {[%clk 0:40:31]} Bc7 {[%clk 0:51:44]} 26. d4
{[%clk 0:38:37]} exd4 {[%clk 0:44:46]} 27. Bb5 {[%clk 0:38:19]} Qe7
{[%clk 0:43:46]} 28. Bc6 {[%clk 0:38:43]} a6 {[%clk 0:43:17]} 29. Bxa8
{[%clk 0:35:56]} Rxa8 {[%clk 0:43:42]} 30. h3 {[%clk 0:34:08]} Rc8
{[%clk 0:39:03]} 31. Qb3 {[%clk 0:32:31]} Bd8 {[%clk 0:35:46]} 32. bxc5
{[%clk 0:29:38]} dxc5 {[%clk 0:34:51]} 33. Qc4 {[%clk 0:29:54]} a5
{[%clk 0:30:58]} 34. Rb3 {[%clk 0:29:19]} Qd7 {[%clk 0:24:53]} 35. Rab1
{[%clk 0:28:54]} Be8 {[%clk 0:24:12]} 36. Rb5 {[%clk 0:18:43]} Bf7
{[%clk 0:22:39]} 37. Rxb6 {[%clk 0:13:08]} Bxb6 {[%clk 0:20:06]} 38. Rxb6
{[%clk 0:13:36]} Qa7 {[%clk 0:17:07]} 39. Rf6 {[%clk 0:08:40]} Qb7
{[%clk 0:13:01]} 40. Rf5 {[%clk 0:36:21]} Qb1+ {[%clk 0:42:29]} 41. Kf2
{[%clk 0:35:16]} Rb8 {[%clk 0:37:08]} 42. Qxc5 {[%clk 0:31:18]} Qh1
{[%clk 0:33:40]} 1/2-1/2